| 000 | 00380nam a2200121Ia 4500 | ||
|---|---|---|---|
| 008 | 230907s9999||||xx |||||||||||||| ||und|| | ||
| 082 |
_a620.00151825 _bFIS |
||
| 100 |
_aFish, J. _945282 |
||
| 245 | 2 | _aA first course in finite elements / | |
| 260 |
_aJohn Wiley & Sons Ltd., _bChichester, England ; | Hoboken, NJ : _c2008 |
||
| 300 | _axiv, 319 p., [8] p. of plates : | ||
| 942 | _cBK | ||
| 999 |
_c600799 _d600799 |
||